ბათუმის შოთა რუსთაველის სახელმწიფო უნივერსიტეტის ბიბლიოთეკა

მიკრობიოლოგიის პრაქტიკული სახელმძღვანელოს მოკლე კურსი : (ბიბ.ჩანაწერი № 56579)

000 -ლიდერი
ფიქსირებული სიგრძის საკონტროლო ველი 01353nam a2200253Ia 4500
001 - საკონტროლო ნომერი
საკონტროლო ველი 23693
003 - საკონტროლო ნომრის იდენტიფიკატორი
საკონტროლო ველი GE_BSU
005 - ბოლო ოპერაციის თარიღი და დრო
საკონტროლო ველი 20260316165053.0
008 - ფიქსირებული სიგრძის მონაცემთა ელემენტები - ზოგადი ინფორმაცია
ფიქსირებული სიგრძის საკონტროლო ველი 181216s1960||||ge |||||||||||||| ||geo||
040 ## - კატალოგიზაციის წყარო
Transcribing agency GE_BSU
041 ## - ენის კოდი
Language code of text/sound track or separate title geo
080 ## - უნივერსალური ათობითი კლასიფიკაციის ინდექსი
Universal Decimal Classification number 579(076.5) მ-47
100 ## - მთავარი ჩანაწერი - პიროვნების სახელი
Personal name მეგრელიძე, გ.
9 (RLIN) 27145
245 ## - ცნობა სათაურის შესახებ
Title მიკრობიოლოგიის პრაქტიკული სახელმძღვანელოს მოკლე კურსი :
Remainder of title სასოფლო-სამეურნეო უმაღლ. სასწავლებლებისათვის /
Statement of responsibility, etc გ. მეგრელიძე ; რედ.: ირ. გიორგაძე.
264 ## - წარმოების, გამოცემის, დისტრიბუციის და სხვა ცნობები
გამოცემის, წარმოების, დისტრიბუციის... ადგილი თბილისი :
გამოცემის, წარმოების, დისტრიბუციის... სახელწოდება საქ. სასოფლო-სამეურნეო ინ-ტის გამ-ბა,
გამოცემის, წარმოების, დისტრიბუციის... თარიღი 1960.
300 ## - ფიზიკური აღწერა
Extent 244 გვ. :
Other physical details ილ. ;
Dimensions 22 სმ.
300 ## - ფიზიკური აღწერა
Accompanying material ბიბლიოგრ: გვ. 240.
504 ## - BIBLIOGRAPHY, ETC. NOTE
Bibliography, etc ბიბლიოგრ: გვ. 240
653 ## - INDEX TERM--UNCONTROLLED
Uncontrolled term მიკრობიოლოგია
653 ## - INDEX TERM--UNCONTROLLED
Uncontrolled term მიკრობიოლოგიის პრაქტიკული სახელმძღვანელოს მოკლე კურსი
700 ## - ADDED ENTRY--PERSONAL NAME
Personal name გიორგაძე, ირ.
Relator term რედაქტორი
9 (RLIN) 27146
942 ## - ADDED ENTRY ELEMENTS (KOHA)
Koha item type წიგნი
Source of classification or shelving scheme
ეგზემპლარები
ჩამოწერის სტატუსი დაკარგული ეგზემპლარის სტატუსი კლასიფიკაციის წყარო ან თაროზე გაწყობის სქემა დაზიანების სტატუსი არ გაიცემა მუდმივი მდებარეობა (დაცვის ადგილი) ამჟამინდელი ადგილსამყოფელი თაროზე განთავსების ადგილი შეძენის თარიღი ღირებულება, შესყიდვის ნორმალური ფასი სრული შენახვის შიფრი შტრიხკოდი ბოლო ოპერაციის თარიღი ეგზემპლარის მიმდევრობითი ნომერი (კეტერი?) ფასის ძალაში შესვლის თარიღი ეგზემპლარის სახეობა საჯარო შენიშვნა
          ბათუმის შოთა რუსთაველის სახელმწიფო უნივერსიტეტის მთავარი ბიბლიოთეკა ბათუმის შოთა რუსთაველის სახელმწიფო უნივერსიტეტის მთავარი ბიბლიოთეკა წიგნსაცავი 2018-12-17 7.00 579(076.5) მ-47 28508 2018-12-17 28508 2018-12-17 წიგნი 7.00 ₾.